000 00578nam a2200193Ia 4500
003 GCL
008 140319s9999 xx 000 0 ara d
040 _aGCL /
_cGCL
082 0 4 _a830.9
_bب م
100 1 _aبرتولت بريشت
245 1 0 _aمسرحيات قصيرة:برتولت بريشت /
_cبرتولت بريشت
700 1 _aصفوان حيدر
260 _a[S.N] :
_bالمركز الثقافى العربى ،
_c1991
300 _a119 ص
490 _a
650 0 4 _aالادب الالمانى
650 0 4 _aمسرحيات قصيرة
942 _2ddc
_cBK
999 _c52767
_d52767